Statistics for Countries Losing the Highest Percentage of People

Click here to take the quiz!

General Stats

  • This quiz has been taken 17 times
  • The average score is 9 of 15

Answer Stats

Percentage of LossCountry% Correct
-0.74 %Bulgaria
86%
-0.30 %Japan
79%
-0.66 %Romania
79%
-0.40 %Serbia
79%
-0.59 %Ukraine
79%
-0.61 %Croatia
71%
-1.08 %Latvia
71%
-1.35 %Lithuania
71%
-0.61 %Bosnia and Herzegovina
64%
-0.25 %Hungary
64%
-0.23 %Moldova
64%
-0.48 %Greece
57%
-0.29 %Portugal
36%
-0.28 %Venezuela
7%
-0.44 %Lebanon
0%

Score Distribution

Percentile by Number Answered

Percent of People with Each Score

Your Score History

You have not taken this quiz